| 000 | 00380cam a2200157ua 4500 | ||
|---|---|---|---|
| 041 |
_aeng _h |
||
| 082 |
_a828.09 _bVAN/EZ |
||
| 100 | _aVan, William . | ||
| 245 |
_aEzra pound / _cWilliam Van. _hTextual Documents |
||
| 250 |
_a1 / _b. |
||
| 260 |
_aAmerica : _bUniversity of American writers , _c1963. |
||
| 300 | _a48 ; . | ||
| 504 | _a | ||
| 942 | _cBK | ||
| 999 |
_c4183 _d4183 |
||